| 000 | 00369cam a22001217a 4500 | ||
|---|---|---|---|
| 008 | 180718b1996 xxu||||| |||| 00| 0 eng d | ||
| 082 | _aB73x54 Oo9 | ||
| 100 | _aOommen, M.A. | ||
| 245 |
_aPanchayati raj development report, 1995 _cby M.A. Oommen |
||
| 260 |
_aNew Delhi _bInstitute of Social Sciences _c1996 |
||
| 300 | _a59p. | ||
| 650 | _aPanchayat --India --Periodicals. | ||
| 999 |
_c396714 _d396714 |
||